[Event "CAN-op"]
[Site "Winnipeg CAN"]
[Date "1994.07.10"]
[Round "2"]
[White "Majstorovic, Dan"]
[Black "Ross, Dave"]
[Result "0-1"]
[WhiteElo "2002"]
[BlackElo "2375"]
[PlyCount "54"]
[GameId "2160767912202386"]
[EventDate "1994.07.09"]
[EventType "swiss"]
[EventRounds "10"]
[EventCountry "CAN"]
[SourceTitle "EXT 97"]
[Source "ChessBase"]
[SourceDate "1997.11.17"]
[SourceVersion "1"]
[SourceVersionDate "1997.11.17"]
[SourceQuality "1"]

1. e4 e6 2. d3 d5 3. Nd2 c5 4. g3 Nc6 5. Bg2 Nf6 6. Ngf3 Be7 7. O-O b6 8. Re1 Bb7 9. c3 Qc7 10. Nb3 dxe4 11. dxe4 Rd8 12. Qc2 Ba6 13. Bf1 Bxf1 14. Kxf1 O-O 15. Bf4 Qb7 16. Nbd2 h6 17. Nc4 Nh5 18. b3 b5 19. Nce5 Nxf4 20. gxf4 Bd6 21. Rad1 Bxe5 22. fxe5 Qc7 23. Rd6 Nxe5 24. Rxd8 Rxd8 25. Nxe5 Qxe5 26. f3 Qf4 27. Re2 Qxf3+ 0-1

[Event "CAN-op"]
[Site "Winnipeg CAN"]
[Date "1994.07.10"]
[Round "3"]
[White "Ross, Dave"]
[Black "Babb, Jeff"]
[Result "1/2-1/2"]
[WhiteElo "2375"]
[BlackElo "2157"]
[PlyCount "44"]
[GameId "2160767912202406"]
[EventDate "1994.07.09"]
[EventType "swiss"]
[EventRounds "10"]
[EventCountry "CAN"]
[SourceTitle "EXT 97"]
[Source "ChessBase"]
[SourceDate "1997.11.17"]
[SourceVersion "1"]
[SourceVersionDate "1997.11.17"]
[SourceQuality "1"]

1. d4 d5 2. Nf3 Nc6 3. g3 Bg4 4. Bg2 e6 5. O-O Nf6 6. b3 Bxf3 7. Bxf3 Be7 8. Bb2 O-O 9. Nd2 Qd7 10. a3 Rfd8 11. e3 Rab8 12. Qe2 Qe8 13. Bg2 b5 14. Kh1 a5 15. f4 Na7 16. g4 Qc6 17. Rac1 Nc8 18. g5 Ne4 19. Nxe4 dxe4 20. c4 bxc4 21. bxc4 Nd6 22. Qc2 Qxc4 1/2-1/2

[Event "CAN-op"]
[Site "Winnipeg CAN"]
[Date "1994.07.11"]
[Round "4"]
[White "Perron, Sean"]
[Black "Ross, Dave"]
[Result "0-1"]
[WhiteElo "2139"]
[BlackElo "2375"]
[PlyCount "106"]
[GameId "2160767912202424"]
[EventDate "1994.07.09"]
[EventType "swiss"]
[EventRounds "10"]
[EventCountry "CAN"]
[SourceTitle "EXT 97"]
[Source "ChessBase"]
[SourceDate "1997.11.17"]
[SourceVersion "1"]
[SourceVersionDate "1997.11.17"]
[SourceQuality "1"]

1. d4 f5 2. c4 Nf6 3. g3 g6 4. Bg2 Bg7 5. Nc3 O-O 6. Nf3 d6 7. O-O Qe8 8. d5 Na6 9. Nd4 Bd7 10. e4 Nxe4 11. Nxe4 fxe4 12. Bxe4 c5 13. Ne6 Bxe6 14. dxe6 Rb8 15. Rb1 b5 16. b3 Nb4 17. Qe2 Nc6 18. Be3 Nd4 19. Bxd4 Bxd4 20. Kg2 bxc4 21. bxc4 Rxb1 22. Bxb1 Qb8 23. Be4 Qb2 24. Qxb2 Bxb2 25. Rb1 Rb8 26. f4 Kg7 27. g4 Kf6 28. f5 g5 29. Kf3 Rb4 30. Bc6 h5 31. h3 h4 32. Bd5 a5 33. Bc6 a4 34. Bxa4 Rxa4 35. Rxb2 Rxc4 36. Rb8 d5 37. Rf8+ Ke5 38. Rf7 Rf4+ 39. Ke2 Kd6 40. Rg7 Ra4 41. Rxg5 Rxa2+ 42. Kf3 Ra3+ 43. Kf4 Ra4+ 44. Kf3 c4 45. Rg8 Ke5 46. Rc8 Ra3+ 47. Ke2 Rxh3 48. Kd1 Rg3 49. Rc7 h3 50. Rxe7 h2 51. Rh7 Rg1+ 52. Ke2 h1=Q 53. e7 Re1+ 0-1

[Event "CAN-op"]
[Site "Winnipeg CAN"]
[Date "1994.07.12"]
[Round "5"]
[White "Spraggett, Kevin"]
[Black "Ross, Dave"]
[Result "1-0"]
[WhiteElo "2589"]
[BlackElo "2375"]
[PlyCount "129"]
[GameId "2160767912202448"]
[EventDate "1994.07.09"]
[EventType "swiss"]
[EventRounds "10"]
[EventCountry "CAN"]

1. c4 f5 2. g3 Nf6 3. Bg2 g6 4. Nc3 Bg7 5. d3 O-O 6. e4 e5 7. Nge2 d6 8. O-O c6 9. exf5 gxf5 10. d4 Be6 11. b3 Na6 12. Rb1 Bf7 13. Bg5 Nc7 14. d5 c5 15. Qc2 Bh5 16. Rbe1 Qd7 17. f4 e4 18. h3 Rae8 19. Kh2 Bg6 20. Nd1 b5 21. Ne3 bxc4 22. bxc4 Rb8 23. Rb1 h5 24. Bh4 Kf7 25. Rfd1 Na6 26. Bf1 Rb6 27. Nc3 Rfb8 28. Rb3 Nc7 29. Rdb1 Nfe8 30. Be2 Bd4 31. Qd2 Kg8 32. Bd1 Qg7 33. Ne2 Rxb3 34. Rxb3 Rxb3 35. axb3 Na6 36. Nc2 Bb2 37. Qa5 Qb7 38. Qa4 Nac7 39. Ne3 Qb4 40. Qxb4 cxb4 41. Nc2 Na6 42. Ncd4 Nc5 43. Nc6 Nd3 44. Nxa7 Bf6 45. Kg2 Kf8 46. Nb5 Ke7 47. Nbd4 Nc7 48. Bxf6+ Kxf6 49. h4 Na6 50. Nc2 Nac5 51. Ned4 Be8 52. Ne3 Bg6 53. Kf1 Na6 54. Ke2 Ndc5 55. Bc2 Bh7 56. Kd2 Bg6 57. Bd1 Nd3 58. Be2 Ndc5 59. Kc2 Nb8 60. Kb1 Nba6 61. Kb2 Nb7 62. Nc6 Be8 63. Nc2 Bxc6 64. dxc6 Na5 65. Nxb4 1-0

[Event "CAN-op"]
[Site "Winnipeg CAN"]
[Date "1994.07.13"]
[Round "6"]
[White "Ross, Dave"]
[Black "Bunning, Les"]
[Result "1-0"]
[WhiteElo "2375"]
[BlackElo "2005"]
[PlyCount "75"]
[GameId "2160767912202471"]
[EventDate "1994.07.09"]
[EventType "swiss"]
[EventRounds "10"]
[EventCountry "CAN"]
[SourceTitle "EXT 97"]
[Source "ChessBase"]
[SourceDate "1997.11.17"]
[SourceVersion "1"]
[SourceVersionDate "1997.11.17"]
[SourceQuality "1"]

1. d4 Nf6 2. Nf3 g6 3. c4 Bg7 4. g3 O-O 5. Bg2 d6 6. Nc3 c5 7. O-O cxd4 8. Nxd4 a6 9. Qd2 Qc7 10. b3 Nc6 11. Bb2 Bd7 12. Rfd1 Rad8 13. Rac1 Nxd4 14. Qxd4 Bc6 15. Nd5 Qd7 16. e4 Bxd5 17. exd5 Nh5 18. Qd2 b5 19. Bxg7 Nxg7 20. Qa5 bxc4 21. Rxc4 Qb5 22. Ra4 f5 23. Qxa6 Qxa6 24. Rxa6 f4 25. Re1 f3 26. Bh3 Ra8 27. Rxa8 Rxa8 28. a4 Ra5 29. Bg4 Rxd5 30. Bxf3 Rd3 31. Re3 Rxe3 32. fxe3 Ne8 33. Bc6 Nc7 34. b4 Kf7 35. a5 e6 36. b5 Ke7 37. a6 Kd8 38. a7 1-0

[Event "CAN-op"]
[Site "Winnipeg CAN"]
[Date "1994.??.??"]
[Round "7"]
[White "Dougherty, Michael"]
[Black "Ross, Dave"]
[Result "1-0"]
[WhiteElo "2310"]
[BlackElo "2350"]
[PlyCount "81"]
[GameId "2160767912202476"]
[EventDate "1994.07.09"]
[EventType "swiss"]
[EventRounds "10"]
[EventCountry "CAN"]
[SourceTitle "EXT 2000"]
[Source "ChessBase"]
[SourceDate "1999.11.18"]
[SourceVersion "1"]
[SourceVersionDate "1999.11.18"]
[SourceQuality "1"]

1. Nf3 f5 2. d4 Nf6 3. Bg5 e6 4. Nbd2 Be7 5. Bxf6 Bxf6 6. e4 fxe4 7. Nxe4 b6 8. Bd3 Bb7 9. Ne5 O-O 10. O-O Nc6 11. f4 Nb4 12. Nxf6+ Rxf6 13. f5 Nxd3 14. Qxd3 d6 15. Ng4 Rxf5 16. Rxf5 exf5 17. Qxf5 Qe7 18. Rf1 a5 19. h4 a4 20. Qf4 h6 21. Ne3 Re8 22. Nf5 Qe4 23. Qg3 Re7 24. Nxe7+ Qxe7 25. b3 Be4 26. c4 axb3 27. axb3 c6 28. Re1 d5 29. cxd5 cxd5 30. Rc1 Qf6 31. Qf2 Qg6 32. Rc7 Kh7 33. b4 Qg4 34. b5 Qd1+ 35. Kh2 Qg4 36. Qg3 Qxg3+ 37. Kxg3 Bd3 38. Rc6 Bxb5 39. Rxb6 Bd3 40. Kf4 Be4 41. g4 1-0

[Event "CAN-op"]
[Site "Winnipeg CAN"]
[Date "1994.07.15"]
[Round "8"]
[White "Ross, Dave"]
[Black "Niksic, John"]
[Result "1-0"]
[WhiteElo "2375"]
[BlackElo "2115"]
[PlyCount "67"]
[GameId "2160767912210710"]
[EventDate "1994.07.09"]
[EventType "swiss"]
[EventRounds "10"]
[EventCountry "CAN"]
[SourceTitle "EXT 97"]
[Source "ChessBase"]
[SourceDate "1997.11.17"]
[SourceVersion "1"]
[SourceVersionDate "1997.11.17"]
[SourceQuality "1"]

1. d4 Nf6 2. Nf3 e6 3. c4 Bb4+ 4. Bd2 Qe7 5. g3 b6 6. Nc3 Bb7 7. Bg2 Bxc3 8. Bxc3 Ne4 9. Rc1 O-O 10. O-O Nxc3 11. Rxc3 d6 12. Qc2 c5 13. Ng5 g6 14. Bxb7 Qxb7 15. g4 Qe7 16. f4 h6 17. Nf3 Nc6 18. Qd2 Kg7 19. d5 exd5 20. cxd5 Na5 21. g5 Rae8 22. gxh6+ Kxh6 23. Ng5 Kg7 24. e4 Rh8 25. Rg3 Rh5 26. e5 dxe5 27. fxe5 Qxe5 28. Rxf7+ Kg8 29. Nf3 Qxg3+ 30. hxg3 Kxf7 31. Qf4+ Rf5 32. Qc7+ Kg8 33. d6 Rxf3 34. d7 1-0

[Event "CAN-op"]
[Site "Winnipeg CAN"]
[Date "1994.07.16"]
[Round "9"]
[White "Kaptsan, Aron"]
[Black "Ross, Dave"]
[Result "0-1"]
[WhiteElo "2208"]
[BlackElo "2375"]
[PlyCount "86"]
[GameId "2160767912210726"]
[EventDate "1994.07.09"]
[EventType "swiss"]
[EventRounds "10"]
[EventCountry "CAN"]
[SourceTitle "EXT 97"]
[Source "ChessBase"]
[SourceDate "1997.11.17"]
[SourceVersion "1"]
[SourceVersionDate "1997.11.17"]
[SourceQuality "1"]

1. d4 f5 2. g3 Nf6 3. Bg2 g6 4. Nd2 Bg7 5. c3 O-O 6. Qb3+ d5 7. h4 e6 8. Nh3 c5 9. Nf3 cxd4 10. cxd4 Nc6 11. Nf4 Ne4 12. e3 a5 13. Bd2 a4 14. Qc2 Qe7 15. O-O Bd7 16. Rfc1 Bf6 17. Nd3 Rfc8 18. Qd1 Be8 19. Bf1 h6 20. Be2 g5 21. hxg5 hxg5 22. Bc3 a3 23. Nfe5 Bxe5 24. Nxe5 Nxe5 25. dxe5 g4 26. Bd4 axb2 27. Bxb2 Bc6 28. Bd4 Qh7 29. Qf1 Ra4 30. Qg2 Rca8 31. Rc2 Ng5 32. Rb2 Rc4 33. f3 gxf3 34. Bxf3 Qg7 35. Be2 Ra3 36. Rd1 Ne4 37. g4 f4 38. Bf3 Ng5 39. Rb3 Nxf3+ 40. Qxf3 Rxa2 41. exf4 Ba4 42. Rc3 Bxd1 43. Qxd1 Qh7 0-1

[Event "Carnaval"]
[Site "Quebec CAN"]
[Date "1994.02.06"]
[Round "5"]
[White "Ross, Dave"]
[Black "Tremblay, Sylvain"]
[Result "1-0"]
[WhiteElo "2348"]
[BlackElo "2117"]
[PlyCount "73"]
[GameId "2160767912227679"]
[EventDate "1994.02.04"]
[EventType "swiss"]
[EventRounds "5"]
[EventCountry "CAN"]
[SourceTitle "EXT 2022"]
[Source "ChessBase"]
[SourceDate "2021.10.06"]
[SourceVersion "1"]
[SourceVersionDate "2021.10.06"]
[SourceQuality "1"]

1. d4 Nf6 2. Nf3 e6 3. c4 Bb4+ 4. Bd2 Qe7 5. g3 O-O 6. Nc3 b6 7. Bg2 Bb7 8. O-O d6 9. a3 Bxc3 10. Bxc3 Nbd7 11. b3 e5 12. e3 Rfe8 13. Qc2 Be4 14. Qb2 a5 15. Rfd1 Rab8 16. Rac1 Bb7 17. Be1 c5 18. b4 axb4 19. axb4 cxd4 20. exd4 e4 21. Nh4 g6 22. Bd2 Ng4 23. Rf1 Nxf2 24. Rxf2 e3 25. Bxe3 Qxe3 26. Bxb7 Rxb7 27. Ng2 Qg5 28. Rcf1 f5 29. Re2 Nf6 30. Rxe8+ Nxe8 31. Qa2 Qf6 32. c5+ Kg7 33. Qd5 Rb8 34. Nf4 bxc5 35. bxc5 dxc5 36. dxc5 Qf7 37. Qe5+ 1-0

[Event "Beloeil"]
[Site "Beloeil CAN"]
[Date "1993.10.30"]
[Round "4"]
[White "Berube, Richard"]
[Black "Ross, Dave"]
[Result "1/2-1/2"]
[WhiteElo "2288"]
[BlackElo "2349"]
[PlyCount "43"]
[GameId "2160767912269899"]
[EventDate "1993.10.??"]
[EventType "swiss"]
[EventRounds "5"]
[EventCountry "CAN"]
[SourceTitle "hb 2012"]

1. d4 e6 2. e4 d5 3. Nc3 Bb4 4. e5 c5 5. a3 Bxc3+ 6. bxc3 Ne7 7. h4 b6 8. h5 h6 9. Bb5+ Bd7 10. Bd3 c4 11. Bf1 Ba4 12. Ra2 Kd7 13. Qf3 Ke8 14. Nh3 Nbc6 15. g4 Qc7 16. Nf4 Nd8 17. Bh3 Qc6 18. Rg1 Qb5 19. Rb2 Qa5 20. g5 hxg5 21. Rxg5 Rh7 22. Qe3 1/2-1/2

[Event "Quebec op"]
[Site "Montreal CAN"]
[Date "1993.07.31"]
[Round "1"]
[White "Ross, Dave"]
[Black "Leriche, Felix"]
[Result "1-0"]
[WhiteElo "2344"]
[BlackElo "1987"]
[PlyCount "59"]
[GameId "2160767912278318"]
[EventDate "1993.07.31"]
[EventType "swiss"]
[EventRounds "8"]
[EventCountry "CAN"]
[SourceTitle "EXT 2022"]
[Source "ChessBase"]
[SourceDate "2021.10.06"]
[SourceVersion "1"]
[SourceVersionDate "2021.10.06"]
[SourceQuality "1"]

1. d4 d5 2. Nf3 e6 3. c4 c6 4. Qc2 Bd6 5. g3 f5 6. Bg2 Nf6 7. O-O O-O 8. Bf4 Bxf4 9. gxf4 b6 10. Nbd2 Bb7 11. Rac1 Na6 12. cxd5 cxd5 13. Ne5 Rc8 14. Qa4 Qe8 15. Qa3 Ne4 16. Nxe4 dxe4 17. b3 b5 18. Qa5 b4 19. Rc4 Qd8 20. Qxd8 Rfxd8 21. Rfc1 Rxc4 22. Rxc4 Bd5 23. Rc2 Kf8 24. e3 Nb8 25. Rc7 a6 26. Bf1 h6 27. Be2 g5 28. Bh5 gxf4 29. Rf7+ Ke8 30. Rd7+ 1-0

[Event "Quebec op"]
[Site "Montreal CAN"]
[Date "1993.08.02"]
[Round "3"]
[White "Ross, Dave"]
[Black "Reeve, Jeff"]
[Result "1-0"]
[WhiteElo "2344"]
[BlackElo "2155"]
[PlyCount "79"]
[GameId "2160767912278342"]
[EventDate "1993.07.31"]
[EventType "swiss"]
[EventRounds "8"]
[EventCountry "CAN"]
[SourceTitle "EXT 2022"]
[Source "ChessBase"]
[SourceDate "2021.10.06"]
[SourceVersion "1"]
[SourceVersionDate "2021.10.06"]
[SourceQuality "1"]

1. d4 Nf6 2. Nf3 g6 3. c4 Bg7 4. g3 O-O 5. Bg2 d6 6. O-O Nbd7 7. Nc3 e5 8. e4 h6 9. Rb1 Nh7 10. Kh1 Ng5 11. d5 Nxf3 12. Qxf3 f5 13. exf5 gxf5 14. Qh5 Kh7 15. Bd2 Nf6 16. Qh4 Bd7 17. b4 Be8 18. a4 Bg6 19. a5 Qe8 20. Rbc1 Bh5 21. f3 a6 22. g4 Bg6 23. gxf5 Bxf5 24. Ne4 Bxe4 25. fxe4 Qh5 26. Qxh5 Nxh5 27. Bh3 Rf6 28. Rxf6 Nxf6 29. c5 Bf8 30. c6 bxc6 31. Rxc6 Ra7 32. Bf1 Kg8 33. Bd3 Nd7 34. Rxa6 Rb7 35. Rc6 Nb8 36. Rc1 Bg7 37. Ra1 Bf6 38. a6 Ra7 39. b5 h5 40. Be3 1-0

[Event "Quebec op"]
[Site "Montreal CAN"]
[Date "1993.08.04"]
[Round "5"]
[White "Ross, Dave"]
[Black "Barsov, Alexei"]
[Result "1/2-1/2"]
[WhiteElo "2344"]
[BlackElo "2436"]
[PlyCount "31"]
[GameId "2160767912278371"]
[EventDate "1993.07.31"]
[EventType "swiss"]
[EventRounds "8"]
[EventCountry "CAN"]
[SourceTitle "EXT 2022"]
[Source "ChessBase"]
[SourceDate "2021.10.06"]
[SourceVersion "1"]
[SourceVersionDate "2021.10.06"]
[SourceQuality "1"]

1. d4 Nf6 2. Nf3 d5 3. c4 e6 4. g3 dxc4 5. Bg2 Nc6 6. Qa4 Nd7 7. Qxc4 Nb6 8. Qd3 e5 9. Nxe5 Nb4 10. Qd2 Qxd4 11. a3 Qxd2+ 12. Kxd2 f6 13. Nd3 Nxd3 14. exd3 c6 15. Nc3 Bf5 16. Re1+ 1/2-1/2

[Event "Quebec op"]
[Site "Montreal CAN"]
[Date "1993.08.06"]
[Round "7"]
[White "Gravel, Simon M"]
[Black "Ross, Dave"]
[Result "1/2-1/2"]
[WhiteElo "2102"]
[BlackElo "2344"]
[PlyCount "32"]
[GameId "2160767912278389"]
[EventDate "1993.07.31"]
[EventType "swiss"]
[EventRounds "8"]
[EventCountry "CAN"]
[SourceTitle "EXT 2022"]
[Source "ChessBase"]
[SourceDate "2021.10.06"]
[SourceVersion "1"]
[SourceVersionDate "2021.10.06"]
[SourceQuality "1"]

1. e4 e6 2. d4 d5 3. Nc3 Bb4 4. exd5 exd5 5. Bd3 Nc6 6. Nge2 Nge7 7. O-O Bf5 8. Bf4 Bxc3 9. bxc3 O-O 10. Re1 Re8 11. Ng3 Bxd3 12. cxd3 Qd7 13. Qf3 b5 14. Nh5 Qf5 15. Ng3 Qd7 16. Nh5 Qf5 1/2-1/2

[Event "Quebec op"]
[Site "Montreal CAN"]
[Date "1993.08.07"]
[Round "8"]
[White "Ross, Dave"]
[Black "Livshits, Ron"]
[Result "1/2-1/2"]
[WhiteElo "2344"]
[BlackElo "2258"]
[PlyCount "49"]
[GameId "2160767912278405"]
[EventDate "1993.07.31"]
[EventType "swiss"]
[EventRounds "8"]
[EventCountry "CAN"]
[SourceTitle "EXT 2022"]
[Source "ChessBase"]
[SourceDate "2021.10.06"]
[SourceVersion "1"]
[SourceVersionDate "2021.10.06"]
[SourceQuality "1"]

1. d4 g6 2. g3 d5 3. Bg2 Bg7 4. Nf3 Nf6 5. c4 dxc4 6. Na3 c3 7. bxc3 c5 8. O-O Nc6 9. Ne5 Nxe5 10. dxe5 Nd7 11. f4 O-O 12. Rb1 Rb8 13. Nb5 Ra8 14. a4 a6 15. Na3 Rb8 16. Be3 Qc7 17. Qd5 Qa5 18. Nc4 Qxc3 19. Ra1 Qc2 20. Rac1 Qa2 21. Ra1 Qxe2 22. Rf2 Qh5 23. Bf3 Qh3 24. Bg2 Qh5 25. Bf3 1/2-1/2

[Event "Quebec-ch"]
[Site "Montreal CAN"]
[Date "1993.06.03"]
[Round "4"]
[White "Berube, Richard"]
[Black "Ross, Dave"]
[Result "1/2-1/2"]
[WhiteElo "2281"]
[BlackElo "2225"]
[PlyCount "26"]
[GameId "2160767912278791"]
[EventDate "1993.05.31"]
[EventType "tourn"]
[EventRounds "9"]
[EventCountry "CAN"]
[SourceTitle "EXT 97"]
[Source "ChessBase"]
[SourceDate "1997.11.17"]
[SourceVersion "1"]
[SourceVersionDate "1997.11.17"]
[SourceQuality "1"]

1. e4 e6 2. d4 c5 3. Nf3 cxd4 4. Nxd4 Nf6 5. Nc3 Nc6 6. Be2 d6 7. O-O a6 8. Be3 Be7 9. f4 Qc7 10. a4 O-O 11. Kh1 Re8 12. Qe1 Nxd4 13. Bxd4 e5 1/2-1/2

[Event "Quebec-ch"]
[Site "Montreal CAN"]
[Date "1993.06.04"]
[Round "5"]
[White "Ross, Dave"]
[Black "Bergeron, Pascal"]
[Result "1-0"]
[WhiteElo "2225"]
[BlackElo "2043"]
[PlyCount "67"]
[GameId "2160767912278798"]
[EventDate "1993.05.31"]
[EventType "tourn"]
[EventRounds "9"]
[EventCountry "CAN"]
[SourceTitle "EXT 97"]
[Source "ChessBase"]
[SourceDate "1997.11.17"]
[SourceVersion "1"]
[SourceVersionDate "1997.11.17"]
[SourceQuality "1"]

1. d4 Nf6 2. Nf3 d6 3. g3 Nbd7 4. Bg2 e5 5. c4 Be7 6. Nc3 O-O 7. O-O c6 8. Qc2 a6 9. Rd1 Qc7 10. b3 Re8 11. Bb2 Bf8 12. e4 b5 13. cxb5 cxb5 14. Rac1 Bb7 15. dxe5 dxe5 16. Nd5 Qxc2 17. Rxc2 Nxd5 18. exd5 Bd6 19. Rc6 Bb8 20. Rdc1 Nf6 21. d6 Bxc6 22. Rxc6 e4 23. Nh4 Rd8 24. Nf5 Ra7 25. Bd4 Rad7 26. Bb6 Re8 27. Bd4 h5 28. Rxa6 Ng4 29. h3 Nh6 30. Nxg7 Red8 31. Nxh5 Rxd6 32. Rxd6 Rxd6 33. Nf6+ Kf8 34. Bc5 1-0

[Event "Quebec-ch"]
[Site "Montreal CAN"]
[Date "1993.06.08"]
[Round "7"]
[White "Ross, Dave"]
[Black "Ghannoum, Marc"]
[Result "1-0"]
[WhiteElo "2225"]
[BlackElo "2237"]
[PlyCount "71"]
[GameId "2160767912278808"]
[EventDate "1993.05.31"]
[EventType "tourn"]
[EventRounds "9"]
[EventCountry "CAN"]
[SourceTitle "EXT 97"]
[Source "ChessBase"]
[SourceDate "1997.11.17"]
[SourceVersion "1"]
[SourceVersionDate "1997.11.17"]
[SourceQuality "1"]

1. d4 d5 2. Nf3 c5 3. e3 Nc6 4. c4 e6 5. Nc3 Nf6 6. cxd5 exd5 7. Bb5 a6 8. Bxc6+ bxc6 9. Ne5 Qc7 10. Qa4 Bd7 11. Nxd7 Nxd7 12. e4 cxd4 13. Qxd4 Bc5 14. Qxg7 O-O-O 15. Qg3 Bd6 16. Qd3 dxe4 17. Qxa6+ Kb8 18. Be3 Nc5 19. Bxc5 Bxc5 20. O-O f5 21. Rad1 Rdg8 22. b4 Qf4 23. Qe2 Bb6 24. Kh1 Rg7 25. g3 Qe5 26. Qc4 Qf6 27. Na4 Bc7 28. Nc5 Bd6 29. Na6+ Kb7 30. b5 Rc8 31. bxc6+ Rxc6 32. Rb1+ Rb6 33. Rxb6+ Kxb6 34. Rb1+ Ka7 35. Nc5 Bxc5 36. Qa4+ 1-0

[Event "Paul Keres mem (18th)"]
[Site "New Westminster CAN"]
[Date "1993.05.23"]
[Round "5"]
[White "Ross, Dave"]
[Black "Stohl, Igor"]
[Result "1/2-1/2"]
[WhiteElo "2310"]
[BlackElo "2540"]
[PlyCount "51"]
[GameId "2160767912278853"]
[EventDate "1993.05.21"]
[EventType "swiss"]
[EventRounds "7"]
[EventCountry "CAN"]
[SourceTitle "EXT 2022"]
[Source "ChessBase"]
[SourceDate "2021.10.06"]
[SourceVersion "1"]
[SourceVersionDate "2021.10.06"]
[SourceQuality "1"]

1. d4 Nf6 2. Nf3 g6 3. c4 Bg7 4. g3 d5 5. cxd5 Nxd5 6. Bg2 Nb6 7. O-O Nc6 8. e3 O-O 9. Nc3 Re8 10. d5 Na5 11. Nd4 Bd7 12. Nb3 Nxb3 13. Qxb3 e6 14. e4 a5 15. a4 Qe7 16. Nb5 Bxb5 17. axb5 a4 18. Qd3 Qb4 19. Rb1 exd5 20. exd5 Rad8 21. Bf4 Be5 22. Bg5 f6 23. Bd2 Qb3 24. Qxb3 axb3 25. Rfd1 Nxd5 26. Ba5 1/2-1/2

[Event "Paul Keres mem (18th)"]
[Site "New Westminster CAN"]
[Date "1993.05.24"]
[Round "7"]
[White "Basanta, Gary"]
[Black "Ross, Dave"]
[Result "1/2-1/2"]
[WhiteElo "2375"]
[BlackElo "2310"]
[PlyCount "24"]
[GameId "2160767912278858"]
[EventDate "1993.05.21"]
[EventType "swiss"]
[EventRounds "7"]
[EventCountry "CAN"]
[SourceTitle "EXT 2022"]
[Source "ChessBase"]
[SourceDate "2021.10.06"]
[SourceVersion "1"]
[SourceVersionDate "2021.10.06"]
[SourceQuality "1"]

1. g3 g6 2. Bg2 Bg7 3. c4 Nf6 4. Nc3 O-O 5. d3 c6 6. e4 d6 7. Nge2 a6 8. O-O e5 9. h3 b5 10. a3 Nbd7 11. Be3 Bb7 12. Qd2 Nc5 1/2-1/2

[Event "RA Spring op"]
[Site "Ottawa CAN"]
[Date "1993.03.07"]
[Round "4"]
[White "Berube, Richard"]
[Black "Ross, Dave"]
[Result "1/2-1/2"]
[WhiteElo "2249"]
[BlackElo "2349"]
[PlyCount "36"]
[GameId "2160767912279074"]
[EventDate "1993.03.06"]
[EventType "swiss"]
[EventRounds "5"]
[EventCountry "CAN"]
[SourceTitle "hb 2012"]

1. e4 c5 2. Nf3 Nc6 3. d4 cxd4 4. Nxd4 e5 5. Nb5 d6 6. c4 Be7 7. N1c3 a6 8. Na3 Be6 9. Be2 Bg5 10. O-O Bxc1 11. Rxc1 Nf6 12. Nc2 O-O 13. b3 Rc8 14. Ne3 Qa5 15. f3 Qc5 16. Qd2 Qd4 17. Rfd1 Rfd8 18. Bf1 Kf8 1/2-1/2

[Event "RA Winter op"]
[Site "Ottawa CAN"]
[Date "1993.01.10"]
[Round "4"]
[White "Berube, Richard"]
[Black "Ross, Dave"]
[Result "0-1"]
[WhiteElo "2271"]
[BlackElo "2346"]
[PlyCount "62"]
[GameId "2160767912279180"]
[EventDate "1993.01.09"]
[EventType "swiss"]
[EventRounds "5"]
[EventCountry "CAN"]
[SourceTitle "hb 2012"]

1. d4 e6 2. c4 f5 3. g3 Nf6 4. Bg2 c6 5. Nf3 d5 6. O-O Bd6 7. b3 Qe7 8. Bb2 O-O 9. Qc1 b5 10. Ne5 Bb7 11. Nd2 a5 12. a4 b4 13. Qc2 Nbd7 14. Nd3 Rac8 15. Rac1 Ba6 16. c5 Bb8 17. Nf3 Ng4 18. h3 Ngf6 19. Rcd1 Ne4 20. e3 g5 21. Rfe1 g4 22. Nfe5 Nxe5 23. Nxe5 gxh3 24. Bxh3 Bxe5 25. dxe5 Qxc5 26. Qb1 Kh8 27. Bd4 Qe7 28. Bg2 Rg8 29. Bxe4 fxe4 30. Bb6 Qh4 31. Rd2 Qh3 0-1

[Event "Festival gourmands"]
[Site "Asbestos CAN"]
[Date "1992.08.16"]
[Round "4"]
[White "Ross, Dave"]
[Black "Tremblay, Sylvain"]
[Result "1-0"]
[WhiteElo "2217"]
[BlackElo "1999"]
[PlyCount "67"]
[GameId "2160767912325888"]
[EventDate "1992.08.14"]
[EventType "swiss"]
[EventRounds "5"]
[EventCountry "CAN"]
[SourceTitle "EXT 2022"]
[Source "ChessBase"]
[SourceDate "2021.10.06"]
[SourceVersion "1"]
[SourceVersionDate "2021.10.06"]
[SourceQuality "1"]

1. d4 Nf6 2. Nf3 e6 3. c4 b6 4. g3 Bb7 5. Bg2 Be7 6. O-O O-O 7. Re1 d5 8. cxd5 exd5 9. Nc3 Nbd7 10. Bf4 c5 11. Qc2 a6 12. Rad1 Ra7 13. dxc5 bxc5 14. e3 h6 15. h4 Qa8 16. Ne5 Rd8 17. Nxd7 Rxd7 18. Na4 Qf8 19. Nb6 Rd8 20. Be5 Bc6 21. Bxf6 Bxf6 22. Nxd5 Bxd5 23. Rxd5 Rxd5 24. Bxd5 Rd7 25. Rd1 Qb8 26. b3 Qb4 27. Qf5 Rc7 28. Bc4 a5 29. Rd7 Qb6 30. Bxf7+ Kf8 31. Bc4 Qc6 32. Bb5 Qb6 33. Rd8+ Kf7 34. Qd5+ 1-0

[Event "Quebec op"]
[Site "Montreal CAN"]
[Date "1992.08.01"]
[Round "1"]
[White "Picard, Jean"]
[Black "Ross, Dave"]
[Result "1-0"]
[WhiteElo "1934"]
[BlackElo "2330"]
[PlyCount "53"]
[GameId "2160767912325920"]
[EventDate "1992.08.01"]
[EventType "swiss"]
[EventRounds "8"]
[EventCountry "CAN"]
[SourceTitle "EXT 2022"]
[Source "ChessBase"]
[SourceDate "2021.10.06"]
[SourceVersion "1"]
[SourceVersionDate "2021.10.06"]
[SourceQuality "1"]

1. e4 c5 2. d4 e6 3. c3 d5 4. e5 Nc6 5. Nf3 Bd7 6. Bd3 cxd4 7. cxd4 Qb6 8. O-O Nxd4 9. Nxd4 Qxd4 10. Nc3 Ne7 11. Nb5 Qxe5 12. f4 Qb8 13. f5 e5 14. f6 Nc6 15. fxg7 Bxg7 16. Qh5 Be6 17. Bh6 Bxh6 18. Qxh6 Rf8 19. Bf5 Qd8 20. Bxe6 Qb6+ 21. Rf2 Qxb5 22. Raf1 Qb6 23. Bxd5 O-O-O 24. Kh1 f5 25. Bxc6 Qxf2 26. Bd7+ Kxd7 27. Rxf2 1-0